| 000 | nam a22 a 4500 | ||
|---|---|---|---|
| 999 |
_c2301 _d2301 |
||
| 003 | AKMAL | ||
| 005 | 20170516091619.0 | ||
| 008 | 170516r2000 my g d 000 0 eng d | ||
| 020 |
_a9679787508 _qpaperback _cRM19.90 |
||
| 020 |
_a9789679787504 _qpaperback |
||
| 040 |
_aAKMAL _cAKMAL |
||
| 082 | 0 | 4 |
_a413 COM _221 |
| 090 | 0 | 0 |
_a413 _bCOM |
| 245 | 0 | 0 |
_aCOMPREHENSIVE MALAY DICTIONARY : _bEnglish-Malay, Malay-English |
| 264 | 1 |
_aPetaling Jaya, Selangor : _bPelanduk Publications (M), _c2000 |
|
| 300 | 0 | 0 |
_a518 pages ; _c22 cm |
| 650 | 1 | 0 |
_aEnglish language _vDictionaries _xMalay _9345 |
| 650 | 2 | 0 |
_aMalay language _vDictionaries _xEnglish _9346 |
| 942 |
_2ddc _cBOOK |
||